000 01258nam a2200349 i 4500
001 000021021
003 DO-SdBNP
005 20260325132159.0
007 ta
008 100830s1981 dr ac 000 0 spa d
040 _aDO-SdBNP
_bspa
_cBNPHU
_erda
041 _aspa
082 4 _a335.4
_bG216d
_222
100 1 _aGarcía-Godoy, Federico,
_d1920-
_eautor
_4aut.
_937239
245 1 0 _aDel marxismo al oportunismo /
_cFederico García Godoy.
250 _aPrimera edición
264 4 _aSanto Domingo, República Dominicana :
_bEditora Alfa y Omega,
_c©1981.
300 _a201 páginas :
_bilustraciones, retratos ;
_c21 cm.
336 _atexto
_btxt
_2rdacontent
337 _asin mediación
_bn
_2rdamedia
338 _avolumen
_bnc
_2rdacarrier
500 _aIncluye datos biográficos del autor en la contracubierta.
500 _aIncluye referencias bibliográficas y notas al pie de las páginas.
590 _aLa biblioteca posee un ejemplar autobiografiado por el autor
590 _aInventariado, 2018/LP
650 0 _aPopulismo
_zRepública Dominicana
_97290
650 4 _aMovimientos revolucionarios
_91376
650 0 _aMarxismo
_95234
650 4 _aComunismo
_92880
910 _aValidado. Control de calidad EMS.
942 _2ddc
_cLBS1
999 _c20524
_d20524